BIBLIOTHÈQUE DE LA MAISON DU MEXIQUE

Logo 1 Logo 2

Gunther Gerzso (notice nᵒ 10721)

détails MARC
000 -Sello discográfico
campo de control de longitud fija 00899nam a2200301 4500
005 - Identificación de versión
campo de control 20251016084011.0
010 ## - Número Estándar Internacional de Libros (ISBN)
Número (ISBN) 968-29-6427-X
035 ## - Otros números de control del sistema
Número de control del sistema 3767
099 ## - fechas locales
Tipo de ítem Koha LIBRO
100 ## - Datos de procesamiento general
Datos de procesamiento general 20040213d1994 m y1spay5003 ba
105 ## - Campo de datos codificados: Material textual, monográfico
Datos codificados de monografía a 001zy
200 1# - Título y mención de responsabilidad
Título propio Gunther Gerzso
Designación general del material texto impreso
Otra información del título el esplendor de la muralla
Primer mención de responsabilidad Rita Eder
205 ## - Declaración de edición
Declaración de edición 1a ed
210 ## - Publicación, distribución, etc.
Lugar de publicación, distribución, etc. México
Nombre del editor, distribuidor, etc. Consejo Nacional para la Cultura y las Artes
-- Ediciones Era
Fecha de publicación, distribución, etc. 1994
215 ## - Descripción física
Designación de material específico y extensión del ítem 187 p
Otras características físicas principalmente il.
Dimensiones 27 cm
345 ## - Nota de información de adquisición
Fuente de adquisición/dirección de la suscripción [OBSOLETO] Donación
410 #1 - Series
Título Galeria
Nombre de parte o sección Colección de Arte Mexicano
600 ## - Nombre personal usado como materia
Elemento de entrada Gerzso
Parte del nombre distinta del elemento de entrada Gunther
Fechas 1915-2000
Subdivisión temática Catálogos
Número Koha 10099
660 ## - Código de área geográfica
Código MX
700 ## - Nombre personal - Responsabilidad primaria
Elemento de entrada Eder Rozencwajg
Parte del nombre distinta del elemento de entrada Rita
Número Koha 5400
801 #0 - Fuente de origen
Agencia cm
900 ## -
-- 1/6402
900 ## -
-- 7100418164\130204
942 ## - ELEMENTOS DE ENTRADA SECUNDARIOS (KOHA)
Tipo de ítem Koha Livre
996 ## -
-- MEX
-- 751145101
-- MMAG
-- 008264
-- 759.972 E22G
-- 20230720LIV
Exemplaires
Estatus retirado Estado de daño Estado de pérdida Fecha de adquisición Biblioteca de origen Biblioteca actual Ubicación en estantería Código de barras Precio de reemplazo Signatura topográfica completa No para préstamo Tipo de ítem Koha Nota pública Nota no pública
      05/08/2025 Casa México Paris Casa México Paris   008264 05/08/2025 759.972 E22G   Livre 20230720LIV 751145101